|
|
|
|
| LEADER |
03286njm a2200757 i 4500 |
| 001 |
001784441 |
| 003 |
CZ BrMZK |
| 005 |
20210607101628.0 |
| 007 |
sd fungnnmmned |
| 008 |
210210t20192019xr munng dfh n lat |
| 015 |
|
|
|a cnb003217086
|
| 024 |
3 |
|
|a 8595017424427
|
| 028 |
0 |
1 |
|a F10244
|b Arta Music
|
| 040 |
|
|
|a BOA001
|b cze
|e rda
|
| 041 |
1 |
|
|d lat
|d cze
|e cze
|e lat
|g cze
|h lat
|
| 043 |
|
|
|a e-xr---
|
| 045 |
|
|
|a y1y1
|
| 047 |
|
|
|a pt
|a ms
|
| 048 |
|
|
|a ca01
|
| 048 |
|
|
|a ca01
|a sd01
|a ka01
|a wi01
|a bb01
|
| 072 |
|
7 |
|a 784
|x Vokální hudba
|2 Konspekt
|9 9
|
| 080 |
|
|
|a 78.087.68
|2 MRF
|
| 080 |
|
|
|a 78.087.684
|2 MRF
|
| 080 |
|
|
|a 783.21
|2 MRF
|
| 080 |
|
|
|a (0:82-192)
|2 MRF
|
| 080 |
|
|
|a (086.76)
|2 MRF
|
| 245 |
0 |
0 |
|a Celebration :
|b 60 let Kühnova smíšeného sboru /
|c Jan Ryant Dřízal, Miloš Orson Štědroň, Jakub Dvořáček
|
| 264 |
|
1 |
|a [Praha] :
|b Arta Music,
|c [2019]
|
| 264 |
|
4 |
|c ℗2019
|
| 300 |
|
|
|a 1 CD audio (59:49) ;
|c 12 cm
|
| 306 |
|
|
|a 005949
|
| 336 |
|
|
|a hraná hudba
|b prm
|2 rdacontent
|
| 337 |
|
|
|a audio
|b s
|2 rdamedia
|
| 338 |
|
|
|a audiodisk
|b sd
|2 rdacarrier
|
| 344 |
|
|
|a digital
|b optical
|2 rda
|
| 347 |
|
|
|a audio soubor
|b CD audio
|2 rda
|
| 382 |
0 |
1 |
|a smíšený sbor
|
| 382 |
0 |
1 |
|a smíšený sbor
|e 1
|a trubka
|n 1
|p saxofon
|n 1
|a kontrabas
|n 1
|a klavír
|n 1
|
| 500 |
|
|
|a Název z disku
|
| 500 |
|
|
|a Fonogram Kühnův smíšený sbor, licensed to Vítězslav Janda/Arta Music
|
| 500 |
|
|
|a Informace o hudbě a interpretech česky, zpívané texty v originále a českém překladu (25 stran) v pouzdru
|
| 505 |
0 |
|
|a De monstris marinis (2015) / Jan Ryant Dřízal ; na středověké texty Tomáše z Cantimpré (16:11) -- Kouzla (2015) / Miloš Orson Štědroň ; na básně Ivana Blatného (7:35) -- Missa ostinata : pro smíšený sbor a jazzové trio (2018) / Jakub Dvořáček (35:48)
|
| 511 |
1 |
|
|a Jakub Dvořáček, klavír ; Ondřej Štajnochr, kontrabas ; Bharata Rajnošek, saxofony, trubka ; Kühnův smíšený sbor, Lenka Navrátilová, sbormistryně
|
| 518 |
|
|
|o Nahráno
|d 2019
|p Studio Martínek
|
| 546 |
|
|
|a Zpíváno latinsky a česky
|
| 648 |
|
7 |
|a 21. století
|7 ch460559
|2 czenas
|
| 648 |
|
4 |
|a 2015-2018
|
| 650 |
0 |
7 |
|a sborová tvorba
|7 ph136976
|z Česko
|y 21. století
|2 czenas
|
| 650 |
0 |
7 |
|a smíšené sbory
|7 ph291750
|2 czenas
|
| 650 |
0 |
7 |
|a mše (hudba)
|7 ph123088
|2 czenas
|
| 655 |
|
7 |
|a zhudebněná poezie
|7 fd133869
|2 czenas
|
| 655 |
|
7 |
|a kompaktní disky
|7 fd201991
|2 czenas
|
| 700 |
0 |
|
|a Thomas Cantipratensis,
|d asi 1201-asi 1270
|7 ola2002161383
|4 lyr
|
| 700 |
1 |
|
|a Blatný, Ivan,
|d 1919-1990
|7 jk01012262
|4 lyr
|
| 700 |
1 |
|
|a Dvořáček, Jakub,
|d 1976-
|7 jx20090807003
|4 cmp
|4 itr
|
| 700 |
1 |
|
|a Štajnochr, Ondřej,
|d 1968-
|7 ola2002157896
|4 itr
|
| 700 |
1 |
|
|a Rajnošek, Bharata
|7 xx0138206
|4 itr
|
| 700 |
1 |
|
|a Navrátilová, Lenka
|7 xx0174984
|4 cnd
|
| 700 |
1 |
2 |
|i Obsahuje (dílo):
|a Dřízal, Jan Ryant.
|t Monstris marinis
|
| 700 |
1 |
2 |
|i Obsahuje (dílo):
|a Štědroň, Miloš,
|d 1973-
|t Kouzla
|
| 700 |
1 |
2 |
|i Obsahuje (dílo):
|a Dvořáček, Jakub,
|d 1976-
|t Missa ostinata
|
| 710 |
2 |
|
|a Kühnův smíšený sbor
|7 ko2003164871
|4 sng
|
| 910 |
|
|
|a BOA001
|b CDR-1460.925
|
| 990 |
|
|
|a AV
|
| 991 |
|
|
|b 202106
|
| 996 |
6 |
|
|b 2610858114
|c CDR-1460.925
|l MZK
|r Sklad / do 24 hodin
|n 0
|p p.v.
|w 001844523
|u 000010
|a 1
|e BOA001
|j MZK50
|s P
|